000 nam a22 a 4500
999 _c415
_d415
005 20170503160443.0
008 170503b1950 xxu||||| |||| 00| 0 eng d
020 _a0380506823
040 _aAKMAL
082 _a100 WIE
090 _a100
_bWIE
100 1 _aWiener, Norbert
_d1894-1964.
_9965
245 1 4 _aThe Human use of human beings :
_bcybernetics and society.
_cNORBERT WIENER
260 _a N.Y. :
_bAvon Books
_c1967.
300 _ccm
500 _aRep of 1950 Houghton Mifflin ed with Afterword by W.A. Rosenblith.
599 _aDALAM PROSES
852 4 _aBritish Library
_bDSC
942 _2ddc
_cBOOK